Sandra Bullock Movies Quiz Stats

 Plays Quiz Updated Dec 31, 2020

     
Support Sporcle.
Go Orange.
Score 0/44 Timer 09:00
1 Play Today
Year Movie Title % Correct
2000Miss Congeniality
86.9%
2005Miss Congeniality 2: Armed & Fabulous
81.6%
1994Speed
73.7%
2018Ocean's 8
68.4%
1997Speed 2: Cruise Control
62.9%
2009The Blind Side
62.2%
2009The Proposal
55.5%
2013The Heat
55.1%
2013Gravity
54.7%
2015Minions
48.4%
1995While You Were Sleeping
45.4%
2002Two Weeks Notice
43.1%
1998Hope Floats
42.3%
2018Bird Box
41.5%
1995The Net
40.9%
2006The Lake House
40.2%
1998Practical Magic
36.9%
200028 Days
34.6%
2009All About Steve
31.8%
2004Crash
29.2%
2007Premonition
28.2%
1993Demolition Man
26%
Year Movie Title % Correct
1996A Time to Kill
25.7%
2002Murder by Numbers
25.1%
2011Extremely Loud and Incredibly Close
24.9%
2002Divine Secrets of the Ya-Ya Sisterhood
24.4%
2015Our Brand is Crisis
23%
1992Love Potion No. 9
21.5%
1999Forces of Nature
21.2%
1998The Prince of Egypt
17.7%
2006Infamous
13.7%
1996Two If By Sea
11%
1996In Love and War
10%
1993The Vanishing
9.3%
1993Fire on the Amazon
8.1%
2000Gun Shy
8%
1993The Thing Called Love
7.9%
2005Loverboy
7.6%
1987Hangmen
7.1%
1994Who Do I Gotta Kill?
6.1%
1993Wrestling Ernest Hemingway
6.1%
1989Religion, Inc.
5.9%
1992When the Party's Over
5.9%
1989Who Shot Patakango?
5.7%

From the Vault

Beatles Beginnings Slot Machine

by MovieGuru

Music 7m
Back to the jukebox for some classic Beatles.
Remove Ads.
Support Sporcle.
Get the best of Sporcle when you Go Orange. This ad-free experience offers more features, more stats, and more fun while also helping to support Sporcle. Thank you for becoming a member.

Show Comments

Extras

Top Quizzes Today


Score Distribution

Your Account Isn't Verified!

In order to create a playlist on Sporcle, you need to verify the email address you used during registration. Go to your Sporcle Settings to finish the process.

Report this User

Report this user for behavior that violates our Community Guidelines.

Details: